Top 20 NBA Players of 2013 - Statistics

General Stats
  • This quiz has been taken 50 times
  • The average score is 14 of 20
Answer Stats
Rank Player % Correct
#1 LeBron James
100%
#3 Kevin Durant
92%
#2 Kobe Bryant
90%
#4 Chris Paul
85%
#14 Dwyane Wade
85%
#8 Dwight Howard
82%
#11 Carmelo Anthony
77%
#15 Blake Griffin
74%
#5 Derrick Rose
74%
#6 Marc Gasol
74%
#9 Stephen Curry
74%
#13 Tim Duncan
74%
#7 James Harden
69%
#20 Dirk Nowitzki
67%
#10 Tony Parker
67%
#16 Kevin Love
54%
#12 Kyrie Irving
54%
#18 Anthony Davis
49%
#19 Roy Hibbert
23%
#17 Al Horford
18%
No matching quizzes found
Score Distribution
Percent of People with Each Score
Percentile by Number Answered
Your Score History
You have not taken this quiz